000 01052nam0a22002291i 4500
001 rc\3360141
005 20240726000556.0
021 _aRU
_b[69-100978]
035 _a(NLR Aleph) 007441390
090 _a7119283
_c7119283
100 _a20130115d1969 |||y0rusy50 ca
101 0 _arus
102 _aRU
105 _ay d |||||
200 1 _aИсследование условий создания взрывобезопасной среды при взрывных работах в шахтах, опасных по газу и угольной пыли
_e(Применительно к шахтам Караганд. бассейна)
_eАвтореф. дис. на соискание учен. степени канд. техн. наук
_e(311)
_fИн-т горного дела им. А.А. Скочинского
210 _aМосква
_d1969
215 _a15 с.
700 1 _aЛигай
_bВ.А.
_gВладимир Александрович
801 0 _aRU
_bNLR
_gpsbo
801 1 _aRU
_bELAR
_2rusmarc
852 _aNLR
_j69-4/25031
942 _cBOOK